Les meilleurs joueurs sur FIFA 16 - Statistiques

Statistiques générales
  • Ce quiz a été pris 511 fois
    339 depuis la dernière actualisation
  • Le résultat moyen est 19 sur 24
Statistiques - réponses
Note Joueurs Club % Correct
93 Cristiano Ronaldo Real Madrid
100%
94 Lionel Messi FC Barcelone
100%
90 Luis Suárez FC Barcelone
96%
88 Neymar Jr FC Barcelone
96%
90 Manuel Neuer Bayern Munich
95%
89 Zlatan Ibrahimović Paris Saint-Germain
94%
88 Andrés Iniesta FC Barcelone
90%
87 Luka Modrić Real Madrid
89%
88 Thiago Silva Paris Saint-Germain
88%
87 Toni Kroos Real Madrid
86%
89 Eden Hazard Chelsea
85%
87 Robert Lewandowski Bayern Munich
85%
87 Gareth Bale Real Madrid
84%
87 Sergio Ramos Real Madrid
84%
90 Arjen Robben Bayern Munich
83%
88 David Silva Manchester City
82%
87 Franck Ribéry Bayern Munich
77%
87 Sergio Agüero Manchester City
77%
87 Philipp Lahm Bayern Munich
73%
87 Mesut Özil Arsenal
70%
87 Jérôme Boateng Bayern Munich
69%
87 Giorgio Chiellini Juventus
61%
87 James Rodríguez Real Madrid
38%
87 Cesc Fàbregas Chelsea
25%
Aucun quiz correspondant
Distribution des résultats
% des personnes avec chaque résultat
Percentile par nombre de réponses
Votre historique - résultats
Vous n’avez pas pris ce quiz depuis la dernière actualisation